|
|
|
|
| LEADER |
01610nam a2200433 a 4500 |
| 001 |
nkc20132522684 |
| 003 |
CZ PrNK |
| 005 |
20140110090113.0 |
| 007 |
ta |
| 008 |
131128s2013 xr a e p 000 0 cze |
| 015 |
|
|
|a cnb002522684
|
| 020 |
|
|
|a 978-80-7395-701-8
|q (brož.)
|
| 035 |
|
|
|a (OCoLC)867822357
|
| 040 |
|
|
|a BOA001
|b cze
|
| 072 |
|
7 |
|a 004
|x Počítačová věda. Výpočetní technika. Informační technologie
|2 Konspekt
|9 23
|
| 072 |
|
7 |
|a 37.016
|x Učební osnovy. Vyučovací předměty. Učebnice
|2 Konspekt
|9 22
|
| 080 |
|
|
|a 004.056
|2 MRF
|
| 080 |
|
|
|a 351.78:004.7
|2 MRF
|
| 080 |
|
|
|a (075.8)
|2 MRF
|
| 100 |
1 |
|
|a Hub, Miloslav,
|d 1977-
|7 mzk2009517772
|4 aut
|
| 245 |
1 |
0 |
|a Bezpečnost a ochrana informací v prostředí internetu /
|c Miloslav Hub
|
| 250 |
|
|
|a Vyd. 1.
|
| 260 |
|
|
|a Pardubice :
|b Univerzita Pardubice,
|c 2013
|
| 300 |
|
|
|a 89 s. :
|b il. ;
|c 30 cm
|
| 500 |
|
|
|a Nad názvem: Univerzita Pardubice, Fakulta ekonomicko-správní
|
| 500 |
|
|
|a 160 výt.
|
| 504 |
|
|
|a Obsahuje bibliografii
|
| 650 |
0 |
7 |
|a informační bezpečnost
|7 ph136652
|2 czenas
|
| 650 |
0 |
7 |
|a kybernetická bezpečnost
|7 ph716242
|2 czenas
|
| 650 |
0 |
9 |
|a information security
|2 eczenas
|
| 650 |
0 |
9 |
|a cyber security
|2 eczenas
|
| 655 |
|
7 |
|a učebnice vysokých škol
|7 fd133772
|2 czenas
|
| 655 |
|
9 |
|a textbooks (higher)
|2 eczenas
|
| 710 |
2 |
|
|a Univerzita Pardubice.
|b Ekonomicko-správní fakulta
|7 kn20010709381
|
| 910 |
2 |
|
|a BOA001
|b 4-1312.727
|
| 990 |
|
|
|a BK
|
| 995 |
|
|
|a 01
|
| 991 |
|
|
|b 201401
|c NOV
|e n
|
| 996 |
6 |
|
|b 2610572107
|c 4-1312.727
|l MZK
|r Sklad / do 1 hodiny
|n 8
|p p.v.
|w 001385691
|u 000010
|a 1
|e BOA001
|j MZK50
|s P
|